The trial of Socrates

Guardat en:
Dades bibliogràfiques
Autor principal: Stone, I. F.
Format: Llibre
Idioma:Undetermined
Publicat: American Little, Brown and Company 1988
Matèries:
Etiquetes: Afegir etiqueta
Sense etiquetes, Sigues el primer a etiquetar aquest registre!
Thư viện lưu trữ: Trung tâm Học liệu Trường Đại học Cần Thơ
LEADER 00463nam a2200181Ia 4500
001 CTU_80125
008 210402s9999 xx 000 0 und d
082 |a 183 
082 |b S877 
100 |a Stone, I. F. 
245 4 |a The trial of Socrates 
245 0 |c I. F. Stone 
260 |a American 
260 |b Little, Brown and Company 
260 |c 1988 
650 |a Socrates 
904 |i Trọng Hải 
980 |a Trung tâm Học liệu Trường Đại học Cần Thơ